00462cam a22001457a 4500008004000000020001500040082001800055100002400073245008900097260004000186300001000226650002400236650002200260650003400282180718b1999 xxu||||| |||| 00| 0 eng d a019564574X aB1243x54 H198 aHansen, Thomas Blom aSaffron wave: democracy and Hindu nationalism in modern Indiacby Thomas Blom Hansen aNew DelhibOxford Univ. Pressc1999 a293p. aNationalism - India aDemocracy - India aHinduism and politics - India